Cities in Washington - Sudden Death - Statistics

General Stats
  • This quiz has been taken 54 times
    47 since last reset
  • The average score is 10 of 21
Answers on the Grid
Answers color-coded by a green-red scale on the quiz's grid according to % correct below.
Abbotsford
Arlington
Astoria
Bellingham
Boise
Bremerton
Butte
Centralia
Eugene
Everett
Forks
Kent
Lakewood
Long Beach
Longview
Los Angeles
Marysville
Mission
Olmpia
Pasco
Port Angeles
Portland
Reno
Renton
Salem
Seattle
Shelton
Spokane
Tacoma
Vancouver
Yakima
Yellowstone
 
Answer Stats
Answer % Correct
Seattle
88%
Tacoma
81%
Spokane
75%
Everett
66%
Bellingham
63%
Olmpia
63%
Vancouver
63%
Yakima
59%
Renton
56%
Kent
47%
Bremerton
44%
Port Angeles
44%
Forks
41%
Pasco
41%
Longview
38%
Lakewood
34%
Shelton
34%
Centralia
31%
Arlington
28%
Marysville
25%
Long Beach
19%
No matching quizzes found
Score Distribution
Percent of People with Each Score
Percentile by Number Answered
Your Score History
You have not taken this quiz since the last reset